Splátkový kalendár bakalárska práca

Salvato in:
Dettagli Bibliografici
Autore principale: Kremeňová, Jana
Ente Autore: Fakulta hospodárskej informatiky EU. Katedra matematiky
Altri autori: Strešňáková, Anna, 1976-
Natura: Libro
Lingua:slovacco
Pubblicazione: Bratislava 2010
Tags: Aggiungi Tag
Nessun Tag, puoi essere il primo ad aggiungerne!!

MARC

LEADER 00000nam$a2200000$$$4500
001 0129348
005 20240320073704.0
041 0 |a slo 
044 |a SK 
245 1 0 |a Splátkový kalendár  |b bakalárska práca  |c Jana Kremeňová ; školiteľ: Anna Strešňáková 
264 1 |a Bratislava  |c 2010 
300 |a 37 s. 
100 1 |a Kremeňová, Jana 
700 1 |a Strešňáková, Anna, 1976- 
710 2 |a Fakulta hospodárskej informatiky EU. Katedra matematiky